000 00670cam a22002413a 4500
001 24870
003 PGUSA
005 20140828083532.0
008 080318s2008||||xxu|||||s|||||000 1 eng d
040 _aPGUSA
_beng
042 _adc
050 4 _aPS
100 1 _aHamilton, Edmond,
_d1904-1977
245 1 4 _aThe Stars, My Brothers
_h[electronic resource] /
_cEdmond Hamilton
260 _bProject Gutenberg,
_c2008
506 _aPublic domain in the USA.
516 _aElectronic text
653 _aScience fiction
700 1 _aFinlay, Virgil,
_d1914-1971
830 0 _aProject Gutenberg
_v24870
856 4 0 _uhttp://www.gutenberg.org/ebooks/24870
942 _cEB
999 _c254125
_d254125